<?xml version="1.0" encoding="UTF-8"?>
<record
    xmlns:xsi="http://www.w3.org/2001/XMLSchema-instance"
    xsi:schemaLocation="http://www.loc.gov/MARC21/slim http://www.loc.gov/standards/marcxml/schema/MARC21slim.xsd"
    xmlns="http://www.loc.gov/MARC21/slim">

  <leader>03177nam a2200301 a 4500</leader>
  <controlfield tag="003">CSPC</controlfield>
  <controlfield tag="005">20251006105920.0</controlfield>
  <controlfield tag="007">ta</controlfield>
  <controlfield tag="008">240422s2023    ph a     m    000 0deng d</controlfield>
  <datafield tag="090" ind1=" " ind2=" ">
    <subfield code="a">UTH BSOA P19a 2023</subfield>
  </datafield>
  <datafield tag="100" ind1="1" ind2=" ">
    <subfield code="a">Pamon, Mae Lalaine G., </subfield>
    <subfield code="e">author. </subfield>
  </datafield>
  <datafield tag="245" ind1=" " ind2=" ">
    <subfield code="a">An assessment of manual stenography skills among BSOA students in Camarines Sur Polytechnic Colleges, Buhi Campus: basis for recommendation /</subfield>
    <subfield code="c">Mae Lalaine G. Pamon, Ronalyn E. Peraja, and Kyla Mae E. Sabinorio. </subfield>
  </datafield>
  <datafield tag="260" ind1=" " ind2=" ">
    <subfield code="a">Buhi, Camarines Sur:</subfield>
    <subfield code="b">Camarines Sur Polytechnic Colleges,</subfield>
    <subfield code="c">2023.</subfield>
  </datafield>
  <datafield tag="300" ind1=" " ind2=" ">
    <subfield code="a">85 leaves. </subfield>
  </datafield>
  <datafield tag="336" ind1=" " ind2=" ">
    <subfield code="2">rdacontent</subfield>
    <subfield code="a">text</subfield>
  </datafield>
  <datafield tag="337" ind1=" " ind2=" ">
    <subfield code="2">rdamedia</subfield>
    <subfield code="a">unmediated</subfield>
  </datafield>
  <datafield tag="338" ind1=" " ind2=" ">
    <subfield code="2">rdacarrier</subfield>
    <subfield code="a">volume</subfield>
  </datafield>
  <datafield tag="502" ind1=" " ind2=" ">
    <subfield code="a">Undergraduate Thesis (BSOA)- Office Administration</subfield>
    <subfield code="c">Camarines Sur Polytechnic Colleges, 2023. </subfield>
  </datafield>
  <datafield tag="520" ind1="3" ind2=" ">
    <subfield code="a">This research study was undertaken with the aim of assessing manual stenography skills of Bachelor of Science in Office Administration students in Camarines Sur Polytechnic Colleges, Buhi Campus: Basis for Recommendation. The respondents were composed of eighty (80) second year students for academic year 2023-2024. The researchers used descriptive method as the main data gathering tool; percentage technique for profile; weighted mean for the perceived manual stenography skills possessed by the respondents, enablers and barriers contributing to manual stenography; rank ordering method to determine the sequence as to which is the first, second and so forth in the rank. 
As assessing the manual stenography skills of the BSOA students, the following findings revealed in terms of profile of the respondent's majority are 18-20 years old, female, single, attended senior high school in public school, and taken up General Academic Strand (GAS). As to perceived manual stenography however in steno writing, reading steno notes, taking dictations and transcriptions revealed satisfactory. To the enablers contributing to manual stenography skills revealed that students often encountered while the barriers affecting manual stenography skills are occasionally encountered. Based from the salient findings the researchers come up with the following conclusions: the profile of the respondents has an impact with their performance in manual stenography skills. As to perceived manual stenography skills it was concluded that the knowledge of the students in manual stenography was not the exact expectation of the researchers. As to enablers it was concluded that that the respondents were often and occasionally encountered struggles in understanding manual stenography skills. As preferred recommendations students should be trained and guide prior to effectively familiarize the lessons by stimulating strategies and activities.   </subfield>
  </datafield>
  <datafield tag="700" ind1="1" ind2=" ">
    <subfield code="a">Peraja, Ronalyn E., </subfield>
    <subfield code="e">author.</subfield>
  </datafield>
  <datafield tag="700" ind1="1" ind2=" ">
    <subfield code="a">Sabinorio, Kyla Mae E., </subfield>
    <subfield code="e">author.</subfield>
  </datafield>
  <datafield tag="720" ind1="1" ind2=" ">
    <subfield code="a">Infante, Leonisa O., </subfield>
    <subfield code="e">adviser. </subfield>
  </datafield>
  <datafield tag="720" ind1="1" ind2=" ">
    <subfield code="a">Marpuri, Jessica C., </subfield>
    <subfield code="e">panelist, chair. </subfield>
  </datafield>
  <datafield tag="720" ind1="1" ind2=" ">
    <subfield code="a">Zaballa, April V., </subfield>
    <subfield code="e">panelist. </subfield>
  </datafield>
  <datafield tag="720" ind1="1" ind2=" ">
    <subfield code="a">Adriano, Rolando B., </subfield>
    <subfield code="e">panelist. </subfield>
  </datafield>
  <datafield tag="942" ind1=" " ind2=" ">
    <subfield code="2">ddc</subfield>
    <subfield code="n">0</subfield>
    <subfield code="c">UM</subfield>
    <subfield code="h">P19a </subfield>
    <subfield code="i">BSOA </subfield>
    <subfield code="k">UTH </subfield>
    <subfield code="m">2023</subfield>
  </datafield>
  <datafield tag="952" ind1=" " ind2=" ">
    <subfield code="0">0</subfield>
    <subfield code="1">0</subfield>
    <subfield code="2">ddc</subfield>
    <subfield code="4">0</subfield>
    <subfield code="7">1</subfield>
    <subfield code="8">REF</subfield>
    <subfield code="a">BUHI</subfield>
    <subfield code="b">BUHI</subfield>
    <subfield code="c">UTH</subfield>
    <subfield code="d">2024-04-22</subfield>
    <subfield code="l">0</subfield>
    <subfield code="o">UTH BSOA P19a 2023</subfield>
    <subfield code="p">00070UM-BUH</subfield>
    <subfield code="r">2024-04-22 00:00:00</subfield>
    <subfield code="t">1-1</subfield>
    <subfield code="w">2024-04-22</subfield>
    <subfield code="y">UM</subfield>
  </datafield>
  <datafield tag="952" ind1=" " ind2=" ">
    <subfield code="0">0</subfield>
    <subfield code="1">0</subfield>
    <subfield code="2">ddc</subfield>
    <subfield code="4">0</subfield>
    <subfield code="7">1</subfield>
    <subfield code="8">REF</subfield>
    <subfield code="a">BUHI</subfield>
    <subfield code="b">BUHI</subfield>
    <subfield code="c">UTH</subfield>
    <subfield code="d">2024-05-08</subfield>
    <subfield code="l">0</subfield>
    <subfield code="o">UTH BSOA P19a 2023</subfield>
    <subfield code="p">00086UM-BUH</subfield>
    <subfield code="r">2024-05-08 00:00:00</subfield>
    <subfield code="t">2-2</subfield>
    <subfield code="w">2024-05-08</subfield>
    <subfield code="y">UM</subfield>
  </datafield>
  <datafield tag="999" ind1=" " ind2=" ">
    <subfield code="c">27492</subfield>
    <subfield code="d">27492</subfield>
  </datafield>
</record>
